Business ethics quarterly

Detalles Bibliográficos
Autor Corporativo: Society for Business Ethics
Formato: Electrónico Revista
Lenguaje:inglés
Publicado: Chicago, Ill. : Society for Business Ethics, 1991-
Materias:
Acceso en línea:Full text available from Research Library: 01/01/2015 to 1 year ago

MARC

LEADER 00000nas a2200000 a 4500
001 ssj0011983
003 WaSeSS
005 20200512172242.0
006 m d
007 cr n
008 980305c19919999ohuqr pss o 0 a0eng c
010 |a  2007234130 
015 |a GBB511405  |2 bnb 
016 7 |a 023153857  |2 DE-101 
016 7 |a 2069764-8  |2 DE-600 
016 7 |a 016876560  |2 Uk 
022 |a 2153-3326  |y 1052-150X 
035 |a (WaSeSS)ssj0011983 
037 |b Philosophy Documentation Center, P.O. Box 7147, Charlottesville, VA 22906-7147 
040 |a FGA  |b eng  |c FGA  |d OCL  |d EYM  |d OCLCQ  |d AAA  |d EYM  |d HUL  |d CUD  |d DLC  |d OCLCQ  |d OCLCO  |d GBVCP  |d OCLCO  |d OCLCF  |d OCLCO  |d OCLCQ  |d DEBBG  |d NLE  |d UKMGB  |d VT2  |d WaSeSS 
042 |a pcc  |a nsdp 
050 1 4 |a HF5387 
082 1 0 |a 174.4  |2 14 
130 0 |a Business ethics quarterly (Online) 
210 0 |a Business ethics quarterly  |b (Online) 
222 0 |a Business ethics quarterly  |b (Online) 
245 1 0 |a Business ethics quarterly  |h [electronic resource]. 
246 1 3 |a Journal of the Society for Business Ethics 
260 |a Chicago, Ill. :  |b Society for Business Ethics,  |c 1991- 
310 |a Quarterly 
362 0 |a Vol. 1, no. 1 (Jan. 1991)- 
500 |a Title from cover (JSTOR, viewed May 30, 2007). 
500 |a Imprint varies; published: Bowling Green, Ohio : Philosophy Documentation Center, 1999- 
506 |a License restrictions may limit access. 
550 |a Journal of the Society for Business Ethics. 
588 |a Latest issue consulted: V. 20, no. 1 (2010) (Philosophy Documentation Center, viewed Feb. 4, 2010). 
650 0 |a Business ethics  |v Periodicals. 
650 7 |a Business ethics.  |2 fast  |0 (OCoLC)fst00842675 
655 0 |a Electronic journals. 
710 2 |a Society for Business Ethics. 
776 0 8 |i Print version:  |t Business ethics quarterly  |x 1052-150X  |w (DLC) 93648250  |w (OCoLC)22196487 
856 4 0 |z Full text available from Research Library: 01/01/2015 to 1 year ago  |u https://search.proquest.com/publication/31897